The Effects of Social Distancing Measures on COVID-19 Spreads in European Countries

Štúdia skúma účinky opatrení sociálneho odstupu na rôzne typy sociálnej mobility v európskych krajinách.

Na minha lista:
Detalhes bibliográficos
Autor principal: Pažický, Martin
Formato: Capítulo de Livro
Idioma:inglês
Assuntos:
Tags: Adicionar Tag
Sem tags, seja o primeiro a adicionar uma tag!

MARC

LEADER 00000naa a2200000 4500
001 0295764
005 20230818095717.7
041 0 |a eng 
044 |a PL 
245 1 0 |a The Effects of Social Distancing Measures on COVID-19 Spreads in European Countries  |c Martin Pažický 
520 |a Štúdia skúma účinky opatrení sociálneho odstupu na rôzne typy sociálnej mobility v európskych krajinách. 
610 2 0 |a koronavírus 
610 2 0 |a pandémia 
610 2 0 |a opatrenia 
610 2 0 |a mobilita sociálna 
610 2 0 |a regresia 
610 2 0 |a analýzy 
610 2 0 |a Európa 
100 1 |a Pažický, Martin